000 01458ny a22003373n 4500
005 20240305165318.0
008 010524s2000 sp s 000 0 spa c
017 _aM40326-2000
020 _a8471309831
035 _a1596
040 _aUMA.DER
_dvLex
040 _aUMA.RE
_dvLex
080 _a347.798
090 _c523
_d523
100 1 _aGarcía -Pita y Lastres, José Luis
245 1 3 _aEl buque como objeto de garantía :
_b(consideraciones sobre la hipoteca naval)
_h[Recurso electrónico]
_cJosé Luis García-Pita y Lastres
256 _aServicio en línea
260 _aMadrid :
_bEDERSA,
_cD.L. 2000
300 _a423 p. ;
_c20 cm
490 1 _aCuadernos mercantiles ;
_v7
504 _aReferencias bibliográficas a pie de página
506 1 _aContenido solo disponible en los productos indicados
_dvLex Global
_dvLex Global (Academic Edition, excluding Law Schools)
_dvLex Global (U.S. Academic Edition, Law Schools)
_dvLex Global (U.S. Academic Edition, excluding Law Schools)
_dvLex Global (Academic Edition, Law Schools)
650 0 7 _2Tesauro vLex
_aHipoteca
650 0 7 _2Tesauro vLex
_aInmobiliario y registral
650 0 7 _2Tesauro vLex
_aHipoteca naval
650 0 7 _2Tesauro vLex
_aJuicio sobre hipoteca naval
740 0 _avLex Libros (Servicios en línea)
830 0 _aCuadernos mercantiles (Editoriales de Derecho Reunidas)
856 4 0 _uhttps://app.vlex.com/#/sources/buque-garantia-hipoteca-naval-1596
942 _cRAA
999 _c159048
_d159048